| 000 | 00371nam a2200121Ia 4500 | ||
|---|---|---|---|
| 008 | 220217s9999 xx 000 0 und d | ||
| 245 | 0 | _aRubber, vulcanized- Preferred gradations of properties | |
| 260 | _aSwitzerland | ||
| 260 |
_c1995 _bInternational Organisation for Standards |
||
| 500 | _aStandard number: ISO 1433. Ed 2 | ||
| 650 | _aRubber vulcanized | ||
| 942 | _cST | ||
| 999 |
_c74024 _d74024 |
||